01559nam a22001937a 4500003000900000005001700009007000300026008004100029020001800070040002500088041000800113082001000121100003900131245010000170260006500270300001800335505098000353700003201333DO-SdBNP20210825112859.0ta210825e2018 dr ||||gr|||| 001 edesp d a9789945609837 aDO-SdBNPbspacBNPHU hspa bR173d12aGuerrero Ramírez, Rafael,d1962-13aDiez consejos prácticos en el Salmo 37. /cRafael Guerrero Ramírez; Óscar Arocha, pról. aSanto Domingo :bEditorial Santuario,bEditora Búho,c2018 a112 p;c23 cm aPrólogo. /rÓscar Arocha.tIntroducción.--tConsejo 1. No te turbes a causa de los malos, porque ellos son temporales (Salmo 37.1-2).--tConsejo 2. Haz el bien, mirando a Dios y no a los hombres; porque Dios te hizo bien a pesar de tu maldad (Salmo 37.3).--tconsejo 4. confíale tu vida al Señor y Él te dará la victoria (Salmo 37.5-6).--tConsejo 5. Pon tu esperanza en el Señor, porque Él nunca falla (Salmo 37.7.a y 22-26).--tConsejo 6. No te alteres por el éxito de los impíos, porque Dios te dará algo mejor (Salmo 37.7.b y 17-21).--tConsejo 7. controla tus emociones negativas, porque Dios controla todo para tu bien (Salmo 37.8-16).--tConsejo 8. Apártate del mal y haz el bien, porque cada uno cosecha lo que siembra (Salmo 37.27-33).--tConsejo 9. Afírmate en Dios y en su camino y Él te exaltará sobre los que se exaltan (Salmo 37.34-36).--tConsejo 10. Practica la integridad y la justicia y Dios estará contigo (Salmo 37.37-40)12aArocha, Óscar epról.